00656nam a2200193Ia 4500003000900000008004100009020001800050040001600068080001500084100002300099245011200122260003500234300001600269650003300285650003100318942000700349999001500356952009100371IN-BaIIA211028s9999 xx 000 0 eng d a0-85226-427-5 cIIA Library a517.9bJAI aJain, M. K.910927 0aNumerical solution of differential equationscM. K. Jain  aNew DelhibWiley Easternc1979 axiii, 443p. aDifferential Equations91510 aNumerical Solutions910928 cBK c6370d6370 00104070aBANbBANcGENd1979-10-22l0o517.9/ JAIp7092r2021-11-05w1979-10-22yBK